Catálogo
 En Linea

Teatro : (Registro nro. 34307)

Detalles MARC
000 -CABECERA
campo de control de longitud fija 00850nam a2200193 a 4500
001 - NÚMERO DE CONTROL
campo de control 000034816
005 - FECHA Y HORA DE LA ÚLTIMA TRANSACCIÓN
campo de control 20200930073925.0
008 - DATOS DE LONGITUD FIJA--INFORMACIÓN GENERAL
campo de control de longitud fija 111020s1957 ag 000 0 spa d
040 ## - FUENTE DE LA CATALOGACIÓN
Centro catalogador/agencia de origen DO-SdBNP
Lengua de catalogación spa
Centro/agencia transcriptor BNPHU
082 ## - NÚMERO DE LA CLASIFICACIÓN DECIMAL DEWEY
Número de clasificación XXXX
100 1# - ENTRADA PRINCIPAL--NOMBRE DE PERSONA
Nombre de persona Romains, Jules
9 (RLIN) 60335
240 10 - TÍTULO UNIFORME
Título uniforme Knock ou le triomphe de la médicine le mariage de Le Trouhadec monsieur le Trouhadec saisi por la débauche
Lenguaje de la obra Español
245 10 - MENCIÓN DE TÍTULO
Título Teatro :
Resto del título knock o el triunfo de la medicina el casamiento del señor Trouhadec el señor Trouhadec arrastrado por el libertinaje donogoo /
Mención de responsabilidad, etc. Jules Romains ; traducción Natividad Massanes.
260 ## - PUBLICACIÓN, DISTRIBUCIÓN, ETC.
Lugar de publicación, distribución, etc. Buenos Aires :
Nombre del editor, distribuidor, etc. Losada,
Fecha de publicación, distribución, etc. 1957.
300 ## - DESCRIPCIÓN FÍSICA
Extensión 349 p. ;
Dimensiones 21 cm.
500 ## - NOTA GENERAL
Nota general Traducido del Francés
590 ## - NOTA LOCAL (RLIN)
Nota local Perteneció a la biblioteca personal de Juan Isidro Jimenes Grullón.
700 12 - PUNTO DE ACCESO ADICIONAL--NOMBRE DE PERSONA
Nombre de persona Massanes, Natividad
Término indicativo de función/relación trad..
9 (RLIN) 60336
Existencias
Estado de retiro Estado de pérdida Restricciones de uso No para préstamo Código de colección Localización permanente Ubicación/localización actual Ubicación en estantería Fecha de adquisición Número de inventario Total de préstamos Signatura topográfica completa Código de barras Fecha visto por última vez Precio válido a partir de Tipo de ítem Koha Nota pública
      Excluido de préstamo Monografías: Libros y Folletos General General En catalogación 20.10.2011 LF1   XXXX 34816-10 25.06.2020 25.06.2020 No se presta Perteneció a la biblioteca personal de Juan Isidro Jimenes Grullón.

Con tecnología Koha